002650000a220008500045001000024000002450063000243000058000877000018001457730016001631 aSantoriello, Andrea10aExternalites and the environment : Trash, trees, and trade aVol. 46, Num. 11 (Noviembre, 1996), Páginas 755-7561 aBlock, Walter0 tThe Freeman